Statistics for Top 15 Football Teams

Click here to take the quiz!

General Stats

  • This quiz has been taken 30 times
  • The average score is 11 of 15

Answer Stats

HintAnswer% Correct
2Barcelona
97%
4Liverpool
93%
1Real Madrid
93%
11Arsenal
86%
7Juventus
86%
3Man U
86%
6Bayern
79%
8Chelsea
79%
10Inter
76%
9Ajax
69%
13Dortmund
69%
5Milan
59%
14Atletico
48%
15Celtic
48%
12Porto
48%

Score Distribution

Percentile by Number Answered

Percent of People with Each Score

Your Score History

You have not taken this quiz